[Event "ChFRA Feminin Rapide"]
[Site "Villandry"]
[Date "2017.06.10"]
[Round "1.1"]
[White "Maisuradze, Nino"]
[Black "Aubert, Estee"]
[Result "1-0"]
[WhiteElo "1870"]
[BlackElo "2560"]
[PlyCount "59"]
[EventDate "2017.??.??"]

1. d4 c5 2. d5 e5 3. e4 d6 4. g3 g6 5. Bg2 Bg7 6. Ne2 Ne7 7. Be3 O-O 8. Qd2 Nd7
9. Nbc3 f5 10. Bg5 Nf6 11. O-O-O a6 12. Rdf1 b5 13. exf5 Bxf5 14. h4 Qd7 15.
Bxf6 Rxf6 16. Ne4 Rff8 17. h5 b4 18. hxg6 Bxg6 19. Kb1 a5 20. Bh3 Nf5 21. Ng5
Rfe8 22. Ne6 Bf6 23. g4 Nh4 24. g5 Bh8 25. Nxc5 Qe7 26. Be6+ Kg7 27. Rxh4 dxc5
28. f4 e4 29. f5 Bf7 30. f6+ 1-0

[Event "ChFRA Feminin Rapide"]
[Site "Villandry"]
[Date "2017.06.10"]
[Round "1.2"]
[White "Grall, Alba"]
[Black "Wohlers-Armas, Friederike"]
[Result "1/2-1/2"]
[WhiteElo "1870"]
[BlackElo "2450"]
[PlyCount "121"]
[EventDate "2017.??.??"]

1. e4 c5 2. d4 cxd4 3. c3 d3 4. Bxd3 Nc6 5. Nf3 d6 6. h3 g6 7. Be3 Bg7 8. Nbd2
Nf6 9. O-O O-O 10. Nb3 Qc7 11. Qc2 Bd7 12. Rac1 Rac8 13. Qe2 a6 14. Nbd4 e5 15.
Nxc6 Bxc6 16. Bg5 h6 17. Bd2 Rfe8 18. c4 Nh5 19. Bb1 Nf4 20. Qe1 Qe7 21. Be3
Qf6 22. Qd1 g5 23. Nh2 Qg6 24. Qd2 b5 25. c5 dxc5 26. Bxc5 Bxe4 27. Bxe4 Qxe4
28. f3 Qe2 29. Rf2 Qxd2 30. Rxd2 Bf8 31. b4 Ne6 32. Rd5 Nxc5 33. bxc5 Rc6 34.
Ng4 e4 35. Kf2 exf3 36. Kxf3 Rec8 37. g3 Kg7 38. Ne5 Rxc5 39. Rcd1 Rxd5 40.
Rxd5 Rc5 41. Rxc5 Bxc5 42. Nd7 Ba7 43. Ke4 Kg6 44. Ne5+ Kf6 45. Nd7+ Ke6 46.
Nf8+ Ke7 47. Nh7 Bf2 48. Kf3 Be1 49. Kg4 a5 50. h4 gxh4 51. gxh4 b4 52. Kf5 Bd2
53. Nf6 a4 54. Nd5+ Kd6 55. Nb6 b3 56. axb3 a3 57. Nc4+ Kc5 58. Nxa3 Kb4 59.
Nc4 Bc1 60. Ne5 Kxb3 61. Nxf7 1/2-1/2

[Event "ChFRA Feminin Rapide"]
[Site "Villandry"]
[Date "2017.06.10"]
[Round "1.3"]
[White "Leconte, Maria"]
[Black "Nicolas-Manceau, Maya"]
[Result "1-0"]
[WhiteElo "1870"]
[BlackElo "2390"]
[PlyCount "77"]
[EventDate "2017.??.??"]

1. Nf3 d5 2. g3 c6 3. Bg2 Nf6 4. O-O e6 5. d3 Bd6 6. Nbd2 Nbd7 7. e4 O-O 8. Re1
dxe4 9. dxe4 e5 10. Nc4 Bc7 11. Nh4 Nb6 12. Qe2 Re8 13. Ne3 Be6 14. Bd2 Nbd7
15. Rad1 Bb6 16. Nef5 Bxf5 17. Nxf5 Qc7 18. Bg5 Re6 19. Bh3 Ree8 20. Qf3 h6 21.
Nxh6+ gxh6 22. Bxf6 Nxf6 23. Qxf6 Qe7 24. Qxh6 Qf8 25. Qh5 Rad8 26. Bd7 Re7 27.
Qg5+ Kh8 28. Rd6 Rexd7 29. Rh6+ Qxh6 30. Qxh6+ Kg8 31. Re2 Rd6 32. Qg5+ Kf8 33.
Qxe5 Bd4 34. Qg5 Bf6 35. Qh5 Bxb2 36. e5 Rd5 37. Qh6+ Ke8 38. e6 fxe6 39. Qxe6+
1-0

[Event "ChFRA Feminin Rapide"]
[Site "Villandry"]
[Date "2017.06.10"]
[Round "1.4"]
[White "Tourneur, Cloe"]
[Black "Benmesbah, Natacha"]
[Result "0-1"]
[WhiteElo "1870"]
[BlackElo "2390"]
[PlyCount "54"]
[EventDate "2017.??.??"]

1. e4 c5 2. Nc3 Nc6 3. f4 g6 4. Nf3 Bg7 5. Bc4 e6 6. O-O Nge7 7. d3 O-O 8. Qe1
d5 9. Bb3 Na5 10. exd5 Nxb3 11. axb3 exd5 12. Bd2 Re8 13. Qf2 b6 14. Ne5 Nf5
15. Rae1 Bb7 16. Kh1 Nd4 17. Be3 Nf5 18. d4 Nxe3 19. Qxe3 f6 20. Qf3 fxe5 21.
fxe5 Rf8 22. Qh3 Rxf1+ 23. Rxf1 Qe7 24. dxc5 bxc5 25. e6 Rf8 26. Re1 Rf5 27.
Qg3 Be5 0-1

[Event "ChFRA Feminin Rapide"]
[Site "Villandry"]
[Date "2017.06.10"]
[Round "2.1"]
[White "Aubert, Laurane"]
[Black "Maisuradze, Nino"]
[Result "0-1"]
[WhiteElo "2150"]
[BlackElo "2560"]
[PlyCount "68"]
[EventDate "2017.??.??"]

1. e4 c5 2. Nc3 Nc6 3. Bb5 e6 4. Bxc6 bxc6 5. d3 Qc7 6. f4 d5 7. Nf3 Be7 8. O-O
h5 9. b3 h4 10. h3 Nf6 11. Qe1 Ba6 12. Rf2 Nh5 13. f5 exf5 14. exd5 O-O-O 15.
dxc6 Bd6 16. Re2 Ng3 17. Rf2 Rde8 18. Qd2 f6 19. d4 Qxc6 20. Ba3 g5 21. dxc5
Bf4 22. Qd5 Qxd5 23. Nxd5 Ne2+ 24. Kh1 Bg3 25. Rff1 g4 26. hxg4 fxg4 27. Nxf6
h3 28. Nxg4 Reg8 29. Nf6 hxg2+ 30. Kxg2 Nf4+ 31. Kg1 Bh2+ 32. Kf2 Rg2+ 33. Ke3
Ne6 34. Rfd1 Re2# 0-1

[Event "ChFRA Feminin Rapide"]
[Site "Villandry"]
[Date "2017.06.10"]
[Round "2.2"]
[White "Ludwiczak, Virginie"]
[Black "Leconte, Maria"]
[Result "0-1"]
[WhiteElo "2140"]
[BlackElo "2390"]
[PlyCount "68"]
[EventDate "2017.??.??"]

1. c4 e5 2. Nc3 d6 3. g3 Nc6 4. Bg2 g6 5. d3 Bg7 6. h3 Be6 7. Nf3 h6 8. Rb1 Qd7
9. Bd2 Nge7 10. b4 O-O 11. Qc1 Kh7 12. a3 Rae8 13. g4 f5 14. g5 h5 15. b5 Nd8
16. Nh4 d5 17. c5 d4 18. Na4 Bd5 19. c6 bxc6 20. Nc5 Qd6 21. Bb4 Bxg2 22. Nxg2
Qd5 23. Rg1 f4 24. a4 f3 25. Nh4 fxe2 26. Ne4 Rf4 27. Ng2 Rxe4 28. dxe4 Qxe4
29. Bxe7 Rxe7 30. Rb2 d3 31. Ne3 cxb5 32. axb5 Ne6 33. Qd2 Nd4 34. Rb4 Nf3# 0-1

[Event "ChFRA Feminin Rapide"]
[Site "Villandry"]
[Date "2017.06.10"]
[Round "2.3"]
[White "Benmesbah, Natacha"]
[Black "Fruteau, Sabine"]
[Result "1-0"]
[WhiteElo "2390"]
[BlackElo "2140"]
[PlyCount "51"]
[EventDate "2017.??.??"]

1. e4 e5 2. Bc4 Nf6 3. d4 exd4 4. Nf3 Bc5 5. O-O O-O 6. e5 Ne8 7. c3 d5 8. Bd3
Bg4 9. cxd4 Bxf3 10. Qxf3 Bxd4 11. Nc3 Nc6 12. Qh3 g6 13. e6 f5 14. Bc2 Bg7 15.
Bb3 Ne7 16. Nxd5 Kh8 17. Bg5 Nf6 18. Nxf6 Bxf6 19. Bxf6+ Rxf6 20. Rad1 Qf8 21.
Rd7 Rc8 22. Rfd1 c5 23. Rxe7 Qxe7 24. Rd7 Qxd7 25. exd7 Rd8 26. Qe3 1-0

[Event "ChFRA Feminin Rapide"]
[Site "Villandry"]
[Date "2017.06.10"]
[Round "2.4"]
[White "Fischer, Julie"]
[Black "Flear, Christine"]
[Result "1-0"]
[WhiteElo "2120"]
[BlackElo "2320"]
[PlyCount "82"]
[EventDate "2017.??.??"]

1. e4 c5 2. Nc3 e6 3. g3 Nc6 4. Bg2 a6 5. d3 Nf6 6. Be3 d6 7. h3 e5 8. Bg5 Be7
9. Nge2 O-O 10. Bxf6 Bxf6 11. Nd5 Be6 12. Nec3 b5 13. Ne3 Bg5 14. Ncd5 Rb8 15.
O-O Bxe3 16. Nxe3 Qg5 17. Kh2 Ne7 18. f4 exf4 19. gxf4 Qh6 20. f5 Qxe3 21. fxe6
fxe6 22. Qg4 Qh6 23. e5 d5 24. a4 b4 25. d4 cxd4 26. Qxd4 Nf5 27. Qd3 Ne3 28.
Rf3 Ng4+ 29. Kg1 Nxe5 30. Rxf8+ Rxf8 31. Qxa6 Nf3+ 32. Kh1 Nh4 33. Re1 Nxg2 34.
Kxg2 Qg6+ 35. Kh1 Re8 36. Qb5 h6 37. a5 Rf8 38. Qc6 Rf6 39. a6 Qg3 40. Qe8+ Kh7
41. Rd1 Qf3+ 1-0

[Event "ChFRA Feminin Rapide"]
[Site "Villandry"]
[Date "2017.06.10"]
[Round "3.1"]
[White "Maisuradze, Nino"]
[Black "Collas, Silvia"]
[Result "1-0"]
[WhiteElo "2360"]
[BlackElo "2250"]
[PlyCount "59"]
[EventDate "2017.??.??"]

1. d4 Nf6 2. Nf3 e6 3. Bf4 c5 4. e3 Qb6 5. Qc1 Nc6 6. c3 d5 7. Nbd2 cxd4 8.
exd4 Bd7 9. Bd3 Rc8 10. Qb1 h6 11. h3 Be7 12. O-O O-O 13. Re1 Rfe8 14. g4 Red8
15. Kh1 Be8 16. Rg1 Na5 17. g5 hxg5 18. Rxg5 Ne4 19. Rxg7+ Kxg7 20. Qg1+ Kh8
21. Nxe4 dxe4 22. Qg4 e5 23. Qh5+ Kg8 24. Rg1+ Qg6 25. Bxe4 Qxg1+ 26. Kxg1 f5
27. Qxf5 exf4 28. Qh7+ Kf8 29. Ne5 Rd6 30. Qh8# 1-0

[Event "ChFRA Feminin Rapide"]
[Site "Villandry"]
[Date "2017.06.10"]
[Round "3.2"]
[White "Leconte, Maria"]
[Black "Retailleau, Elise"]
[Result "1-0"]
[WhiteElo "2390"]
[BlackElo "1970"]
[PlyCount "39"]
[EventDate "2017.??.??"]

1. Nf3 c5 2. e4 Nc6 3. c3 d5 4. exd5 Qxd5 5. d4 Nf6 6. Be3 cxd4 7. cxd4 e6 8.
Nc3 Bb4 9. Bd3 O-O 10. O-O Bxc3 11. bxc3 b6 12. Bg5 Ne4 13. c4 Qf5 14. Qb1 Nxd4
15. Bxe4 Nxf3+ 16. Bxf3 Qxg5 17. Bxa8 Ba6 18. Be4 h6 19. Qc1 Qc5 20. Qe3 1-0

[Event "ChFRA Feminin Rapide"]
[Site "Villandry"]
[Date "2017.06.10"]
[Round "3.3"]
[White "Flear, Christine"]
[Black "Benmesbah, Natacha"]
[Result "0-1"]
[WhiteElo "2320"]
[BlackElo "2390"]
[PlyCount "50"]
[EventDate "2017.??.??"]

1. d4 Nf6 2. c4 c5 3. d5 e6 4. Nc3 exd5 5. cxd5 d6 6. h3 g6 7. Bf4 a6 8. a4 Bg7
9. e3 O-O 10. Nf3 Qe7 11. Nd2 Nbd7 12. Nc4 Ne8 13. Be2 Ne5 14. O-O f5 15. Bxe5
Bxe5 16. f4 Bg7 17. Bf3 Nf6 18. Qc2 Bd7 19. Rad1 b5 20. Nb6 Rab8 21. Nxd7 Qxe3+
22. Kh1 Nxd7 23. axb5 axb5 24. Rde1 Qxf4 25. Re7 Be5 0-1

[Event "ChFRA Feminin Rapide"]
[Site "Villandry"]
[Date "2017.06.10"]
[Round "3.4"]
[White "Bollengier, Andreea"]
[Black "Navrotescu, Andreea"]
[Result "0-1"]
[WhiteElo "2210"]
[BlackElo "2310"]
[PlyCount "63"]
[EventDate "2017.??.??"]

1. c4 e5 2. g3 Nf6 3. Bg2 c6 4. d3 e4 5. Nc3 d5 6. cxd5 cxd5 7. Bg5 Nbd7 8. Nh3
h6 9. Bxf6 Nxf6 10. Qa4+ Bd7 11. Qb3 Bc6 12. Nf4 g5 13. Nh3 Bg7 14. Ng1 h5 15.
h4 Ng4 16. e3 gxh4 17. Rxh4 Bf6 18. Rh1 h4 19. Nge2 hxg3 20. Nxg3 Rxh1+ 21.
Nxh1 Bh4 22. O-O-O Nxf2 23. Rf1 Nxh1 24. Bxh1 Qg5 25. Nxe4 dxe4 26. Qxf7+ Kd8
27. Qf8+ Be8 28. Qd6+ Kc8 29. Qe6+ Kc7 30. Qxe4 Qb5 31. Qf4+ Kb6 32. Rg1 0-1

[Event "ChFRA Feminin Rapide"]
[Site "Villandry"]
[Date "2017.06.10"]
[Round "4.1"]
[White "Benmesbah, Natacha"]
[Black "Maisuradze, Nino"]
[Result "0-1"]
[WhiteElo "2390"]
[BlackElo "2560"]
[PlyCount "108"]
[EventDate "2017.??.??"]

1. e4 c5 2. Nf3 e6 3. g3 Nc6 4. Bg2 g6 5. d4 cxd4 6. Nxd4 d6 7. O-O e5 8. Nb5
Be6 9. N1c3 a6 10. Na3 Bg7 11. Nd5 Nge7 12. Nc4 Bxd5 13. exd5 Nd4 14. c3 Ndf5
15. a4 Rc8 16. Qe2 Qc7 17. Ne3 Nxe3 18. Bxe3 Nf5 19. Bd2 O-O 20. Bh3 Rce8 21.
a5 Qc5 22. Qe4 Ne7 23. b4 Qxd5 24. Qxd5 Nxd5 25. Bg2 e4 26. Rac1 f5 27. Rfd1
Ne7 28. Bf4 d5 29. Bd6 Rf7 30. Bxe7 Rexe7 31. Rxd5 Rd7 32. Rxd7 Rxd7 33. Bf1
Bh6 34. Rc2 Rd2 35. Rxd2 Bxd2 36. b5 axb5 37. Bxb5 Bxc3 38. a6 bxa6 39. Bxa6
Kg7 40. Kf1 g5 41. Ke2 h5 42. f3 Kf6 43. fxe4 fxe4 44. Bc8 Bd4 45. h3 Bc5 46.
g4 h4 47. Bf5 Ke5 48. Bg6 Kf4 49. Bh7 e3 50. Bd3 Kg3 51. Bc4 Kxh3 52. Kf3 Kh2
53. Bf1 h3 54. Ke2 Kg3 0-1

[Event "ChFRA Feminin Rapide"]
[Site "Villandry"]
[Date "2017.06.10"]
[Round "4.2"]
[White "Roumegous, Marina"]
[Black "Leconte, Maria"]
[Result "0-1"]
[WhiteElo "2260"]
[BlackElo "2390"]
[PlyCount "86"]
[EventDate "2017.??.??"]

1. d4 d5 2. Nf3 c5 3. c3 Nc6 4. g3 Nf6 5. Bg2 g6 6. O-O Bg7 7. Nbd2 cxd4 8.
cxd4 O-O 9. e3 Bf5 10. a3 Rc8 11. Nb3 b6 12. Bd2 a5 13. Bc3 Ne4 14. Rc1 b5 15.
Nc5 b4 16. axb4 axb4 17. Be1 Nd6 18. Qb3 Nc4 19. Nd2 e5 20. Nxc4 dxc4 21. Qxc4
exd4 22. e4 Bg4 23. Bxb4 Ne5 24. Qb3 Be2 25. Rfe1 d3 26. Bd2 Ng4 27. Qd5 Bd4
28. Rxe2 dxe2 29. Be1 Qxd5 30. exd5 Rxc5 31. Rxc5 Bxc5 32. Bf3 Nxf2 33. Bxe2
Nd3+ 34. Kf1 Nxb2 35. Bc3 Na4 36. Be5 Re8 37. Bf6 Nb6 38. Bf3 Bd6 39. Bd4 Nc4
40. Kf2 Rc8 41. Be2 Bc5 42. Bxc5 Rxc5 43. Kf3 Nd6 0-1

[Event "ChFRA Feminin Rapide"]
[Site "Villandry"]
[Date "2017.06.10"]
[Round "4.3"]
[White "Navrotescu, Andreea"]
[Black "Guyon, Cindie"]
[Result "1-0"]
[WhiteElo "2310"]
[BlackElo "2020"]
[PlyCount "57"]
[EventDate "2017.??.??"]

1. c4 e6 2. Nf3 Nf6 3. g3 d5 4. Bg2 Be7 5. O-O O-O 6. b3 c6 7. Bb2 Nbd7 8. d4
b6 9. Nc3 Ba6 10. Nd2 Rc8 11. a4 Bb4 12. e4 dxe4 13. Ndxe4 c5 14. Nb5 Bxb5 15.
axb5 Qc7 16. d5 Nxe4 17. Bxe4 exd5 18. Bxd5 Ba5 19. Qh5 Qd6 20. Rad1 Qg6 21.
Qf3 Nf6 22. Bc6 Rcd8 23. Rxd8 Rxd8 24. Rd1 Rxd1+ 25. Qxd1 h6 26. f3 Qf5 27.
Qd8+ Kh7 28. Bxf6 Qxf6 29. Be4+ 1-0

[Event "ChFRA Feminin Rapide"]
[Site "Villandry"]
[Date "2017.06.10"]
[Round "4.4"]
[White "Collas, Silvia"]
[Black "Bellaiche, Elise"]
[Result "1-0"]
[WhiteElo "2250"]
[BlackElo "2120"]
[PlyCount "91"]
[EventDate "2017.??.??"]

1. c4 e5 2. Nc3 Nf6 3. Nf3 Nc6 4. e4 Be7 5. g3 O-O 6. Bg2 d6 7. h3 Be6 8. b3
Nd7 9. Nd5 f5 10. Nxe7+ Qxe7 11. d3 Nc5 12. Ng5 Nb4 13. O-O Nbxd3 14. Nxe6 Qxe6
15. exf5 Qxf5 16. Be3 e4 17. a3 a5 18. Bd4 Ne6 19. Bc3 Ng5 20. Kh2 Qg6 21. Ra2
Nf3+ 22. Kh1 Rf7 23. Re2 Raf8 24. Bxa5 c6 25. Bb6 d5 26. cxd5 cxd5 27. Be3 Qd6
28. b4 b6 29. Bxf3 Rxf3 30. Bd4 Qg6 31. Kg2 Nf4+ 32. Kh2 Nxe2 33. Qxe2 Rxa3 34.
Rc1 Raf3 35. b5 Qg5 36. Rc7 R3f7 37. Rc6 Qf5 38. Qa2 e3 39. Bxe3 Qe4 40. Rd6
Rf5 41. Bxb6 Kh8 42. Qb2 h6 43. Bd4 Kh7 44. Rd7 R5f7 45. Rd6 Qe1 46. Qc2+ 1-0

[Event "ChFRA Feminin Rapide"]
[Site "Villandry"]
[Date "2017.06.10"]
[Round "5.1"]
[White "Maisuradze, Nino"]
[Black "Leconte, Maria"]
[Result "0-1"]
[WhiteElo "2560"]
[BlackElo "2390"]
[PlyCount "93"]
[EventDate "2017.??.??"]

1. d4 e6 2. Nf3 f5 3. g3 Nf6 4. Bg2 Be7 5. O-O O-O 6. c4 d6 7. b4 Qe8 8. Bb2
Nc6 9. b5 Nd8 10. a4 Nf7 11. Qb3 Kh8 12. Nbd2 Bd8 13. Qc3 Ne4 14. Nxe4 fxe4 15.
Nd2 d5 16. f3 exf3 17. exf3 Bf6 18. c5 a6 19. Qd3 Bd7 20. Rfe1 axb5 21. axb5
Rxa1 22. Bxa1 Bxb5 23. Qe3 Bd7 24. f4 b6 25. cxb6 cxb6 26. g4 Nd6 27. Bf1 Qg6
28. Qg3 Qc2 29. Qf2 Bg5 30. Re2 Bxf4 31. Nf3 Qc8 32. Qh4 Bb5 33. Re1 Bxf1 34.
Rxf1 Be3+ 35. Kh1 Ne4 36. Qe1 Nf2+ 37. Kg2 Nxg4 38. Bc3 Bh6 39. Kh1 Qe8 40. Bb4
Rf5 41. Bd6 Ne3 42. Rf2 Nc4 43. Bg3 b5 44. Qd1 b4 45. Kg2 Ne3+ 46. Kh1 Nxd1 47.
Kg1 0-1

[Event "ChFRA Feminin Rapide"]
[Site "Villandry"]
[Date "2017.06.10"]
[Round "5.2"]
[White "Benmesbah, Natacha"]
[Black "Navrotescu, Andreea"]
[Result "0-1"]
[WhiteElo "2390"]
[BlackElo "2310"]
[PlyCount "100"]
[EventDate "2017.??.??"]

1. e4 c5 2. b3 e6 3. Bb2 Nc6 4. Nf3 a6 5. g3 d5 6. exd5 exd5 7. Bg2 d4 8. O-O
Nf6 9. Na3 Be7 10. Nc4 O-O 11. a4 Be6 12. c3 Rc8 13. Re1 Re8 14. Nce5 Na5 15.
b4 dxc3 16. dxc3 cxb4 17. cxb4 Bxb4 18. Rf1 Qxd1 19. Rfxd1 Rc2 20. Bd4 Bc3 21.
Rac1 Rxc1 22. Rxc1 Bxd4 23. Nxd4 Rc8 24. Rxc8+ Bxc8 25. f4 Bd7 26. Nxd7 Nxd7
27. Ne2 Nc5 28. Nc3 Kf8 29. Kf2 Ke7 30. Ke3 Kd6 31. Ne4+ Nxe4 32. Bxe4 Kc5 33.
Bxh7 Kb4 34. Bc2 Kc3 35. Bd1 Nc4+ 36. Ke2 Nb2 37. h4 f5 38. a5 Nxd1 39. Kxd1
Kd3 40. h5 Ke3 41. Kc2 Kf3 42. Kd3 Kxg3 43. Kd4 Kxf4 44. Kc5 Ke3 45. Kb6 f4 46.
Kxb7 f3 47. Kxa6 f2 48. Kb7 f1=Q 49. a6 Qb5+ 50. Ka7 Kd4 0-1

[Event "ChFRA Feminin Rapide"]
[Site "Villandry"]
[Date "2017.06.10"]
[Round "5.3"]
[White "Fischer, Julie"]
[Black "Collas, Silvia"]
[Result "0-1"]
[WhiteElo "2120"]
[BlackElo "2250"]
[PlyCount "56"]
[EventDate "2017.??.??"]

1. e4 c5 2. Nf3 e6 3. Nc3 a6 4. d4 cxd4 5. Nxd4 Qc7 6. Bd3 Nc6 7. Nxc6 dxc6 8.
O-O e5 9. Bc4 Nf6 10. Kh1 Bc5 11. Qe2 b5 12. Bb3 Bg4 13. f3 Be6 14. Bxe6 fxe6
15. a4 O-O 16. Be3 Qb6 17. Bg5 Ra7 18. Rfd1 Nh5 19. axb5 axb5 20. Rxa7 Qxa7 21.
Nxb5 cxb5 22. Qxb5 h6 23. Bh4 Nf4 24. b4 Bf2 25. Bd8 Kh7 26. Ba5 Qe3 27. Qxe5
Qe2 28. Qa1 Bd4 0-1

[Event "ChFRA Feminin Rapide"]
[Site "Villandry"]
[Date "2017.06.10"]
[Round "5.4"]
[White "Fruteau, Sabine"]
[Black "Retailleau, Elise"]
[Result "1-0"]
[WhiteElo "2140"]
[BlackElo "1970"]
[PlyCount "105"]
[EventDate "2017.??.??"]

1. e4 c5 2. Nf3 Nc6 3. Bb5 d6 4. O-O Bd7 5. c3 Nf6 6. Re1 a6 7. Bf1 Bg4 8. h3
Bh5 9. d3 Bxf3 10. Qxf3 e6 11. Nd2 Be7 12. Nb3 O-O 13. d4 d5 14. exd5 Nxd5 15.
dxc5 Rc8 16. Bc4 Nf6 17. Bf4 b5 18. Rad1 Qe8 19. Bf1 Na7 20. Qb7 Ra8 21. Qxa6
Nd5 22. Bd6 Nc6 23. Qxb5 Rxa2 24. Nc1 Ra5 25. Qb3 Ra8 26. Bb5 Bxd6 27. cxd6 Na5
28. Qa4 Qb8 29. c4 Nb7 30. Qc2 Nb6 31. c5 Nd5 32. Bc6 Nb4 33. Qe4 Nxc5 34. Qf3
Ra6 35. Be4 Rd8 36. Bb1 Raxd6 37. Rxd6 Qxd6 38. Nb3 Na4 39. Qe2 Qd5 40. Nc1 Qd4
41. Be4 Qxb2 42. Qh5 g6 43. Qa5 Rd2 44. Qxa4 Rxf2 45. Qa8+ Kg7 46. Kh1 Qd2 47.
Rg1 Qd4 48. Nb3 Qe3 49. Na5 Ra2 50. Qb8 Rxa5 51. Qxb4 Re5 52. Bf3 Rc5 53. Qb2+
1-0

[Event "ChFRA Feminin Rapide"]
[Site "Villandry"]
[Date "2017.06.11"]
[Round "6.1"]
[White "Leconte, Maria"]
[Black "Navrotescu, Andreea"]
[Result "1-0"]
[WhiteElo "2390"]
[BlackElo "2310"]
[PlyCount "79"]
[EventDate "2017.??.??"]

1. e4 c5 2. Nf3 d6 3. d4 cxd4 4. Nxd4 Nf6 5. Nc3 g6 6. g3 Bg7 7. Bg2 Nc6 8.
Nde2 O-O 9. O-O Rb8 10. a4 a6 11. h3 b5 12. axb5 axb5 13. Nd5 Nd7 14. c3 e6 15.
Ne3 Nc5 16. Nd4 Bd7 17. Nec2 e5 18. Nxc6 Bxc6 19. Re1 Ra8 20. Rxa8 Qxa8 21.
Qxd6 Nxe4 22. Qb4 Ng5 23. Bxc6 Qxc6 24. Bxg5 h6 25. Be3 f5 26. Qb3+ Kh7 27. Nb4
Qf3 28. Qd1 Qb7 29. Qd5 Qc7 30. f4 exf4 31. Bxf4 Qb6+ 32. Kg2 Rd8 33. Qc6 Qa7
34. Re6 g5 35. Be3 Qf7 36. Nd5 f4 37. gxf4 gxf4 38. Bxf4 Rxd5 39. Qxd5 Qxf4 40.
Qe4+ 1-0

[Event "ChFRA Feminin Rapide"]
[Site "Villandry"]
[Date "2017.06.11"]
[Round "6.2"]
[White "Ludwiczak, Virginie"]
[Black "Maisuradze, Nino"]
[Result "0-1"]
[WhiteElo "2140"]
[BlackElo "2560"]
[PlyCount "78"]
[EventDate "2017.??.??"]

1. c4 e5 2. Nc3 Nc6 3. g3 g6 4. Bg2 Bg7 5. d3 d6 6. Nf3 Nge7 7. O-O O-O 8. Ne1
f5 9. f4 Kh8 10. Nf3 Be6 11. Ng5 Bg8 12. Bd2 h6 13. Nh3 Qd7 14. Qa4 a6 15. Nd5
b5 16. Qa3 Nxd5 17. cxd5 Nd4 18. Qa5 Nxe2+ 19. Kh1 exf4 20. gxf4 Bxb2 21. Rae1
Rfe8 22. Rf2 Nd4 23. Be3 Ba1 24. Qd2 Rxe3 25. Rxe3 b4 26. Rf1 Bc3 27. Qd1 Re8
28. Qc1 Ne2 29. Rxe8 Nxc1 30. Re3 Nxa2 31. Ng1 b3 32. Ne2 Bf6 33. Rb1 Qb5 34.
Bf3 Bxd5 35. Kg2 Bxf3+ 36. Rxf3 b2 37. Kf2 Nc3 38. Nxc3 Bxc3 39. Kg2 a5 0-1

[Event "ChFRA Feminin Rapide"]
[Site "Villandry"]
[Date "2017.06.11"]
[Round "6.3"]
[White "Collas, Silvia"]
[Black "Fruteau, Sabine"]
[Result "1-0"]
[WhiteElo "2250"]
[BlackElo "2140"]
[PlyCount "73"]
[EventDate "2017.??.??"]

1. c4 e5 2. Nc3 Nc6 3. g3 Nf6 4. Bg2 g6 5. Rb1 Bg7 6. b4 O-O 7. d3 Ne7 8. Nf3
d6 9. O-O Nh5 10. Qb3 Kh8 11. e4 f5 12. c5 Nc6 13. cxd6 Qxd6 14. b5 Nd4 15.
Nxd4 exd4 16. Ba3 Qf6 17. Nd5 Qf7 18. Bxf8 Bxf8 19. Qc4 Be6 20. Qxd4+ Bg7 21.
Qc5 b6 22. Qc6 Rc8 23. Rbc1 Bd4 24. Rc4 Bxd5 25. exd5 Bc5 26. Qe6 Qf8 27. Re1
Nf6 28. Qc6 Ng4 29. d4 Bd6 30. h3 Nf6 31. Re6 Rd8 32. Ra4 f4 33. g4 Ng8 34. Bf3
Ne7 35. Qc2 Nc8 36. Kg2 Qg7 37. Qe4 1-0

[Event "ChFRA Feminin Rapide"]
[Site "Villandry"]
[Date "2017.06.11"]
[Round "6.4"]
[White "Guyon, Cindie"]
[Black "Benmesbah, Natacha"]
[Result "0-1"]
[WhiteElo "2020"]
[BlackElo "2390"]
[PlyCount "96"]
[EventDate "2017.??.??"]

1. d4 Nf6 2. Bg5 e6 3. e3 h6 4. Bxf6 Qxf6 5. c3 d5 6. Nd2 Bd6 7. Bd3 e5 8. dxe5
Bxe5 9. Ngf3 Bd6 10. Qb3 c6 11. Nd4 O-O 12. N2f3 Nd7 13. Qc2 Nc5 14. Bf5 Re8
15. O-O Ne4 16. Bxc8 Raxc8 17. h3 c5 18. Nb5 Bb8 19. Rad1 Qc6 20. Na3 b5 21.
Qe2 a6 22. Nc2 Rcd8 23. Nd2 Qc7 24. Nf3 Ng5 25. Nce1 Re6 26. h4 Ne4 27. Nd3 g5
28. hxg5 hxg5 29. g3 Rh6 30. Nde5 f6 31. Ng4 Rh3 32. Nxf6+ Nxf6 33. Kg2 Rxg3+
34. fxg3 Qxg3+ 35. Kh1 Kg7 36. Qg2 Rh8+ 37. Kg1 Qxg2+ 38. Kxg2 g4 39. Ng5 Rh2+
40. Kg1 Rxb2 41. Rf2 Rxf2 42. Kxf2 Kg6 43. Ne6 Ne4+ 44. Kg2 Kf6 45. Nf4 Bxf4
46. exf4 Nxc3 47. Rd2 d4 48. Kg3 Ne4+ 0-1

[Event "ChFRA Feminin Rapide"]
[Site "Villandry"]
[Date "2017.06.11"]
[Round "7.1"]
[White "Leconte, Maria"]
[Black "Collas, Silvia"]
[Result "1/2-1/2"]
[WhiteElo "2390"]
[BlackElo "2250"]
[PlyCount "43"]
[EventDate "2017.??.??"]

1. e4 c5 2. Nf3 Nc6 3. d4 cxd4 4. Nxd4 e6 5. Nc3 Qc7 6. g3 a6 7. Bg2 Nf6 8. O-O
Nxd4 9. Qxd4 Bc5 10. Qd3 Rb8 11. Bf4 d6 12. Rad1 e5 13. Bg5 Be6 14. Bxf6 gxf6
15. Nd5 Bxd5 16. exd5 Qd7 17. Qf3 Ke7 18. c3 h5 19. b4 Ba7 20. c4 h4 21. c5
Rbg8 22. Rc1 1/2-1/2

[Event "ChFRA Feminin Rapide"]
[Site "Villandry"]
[Date "2017.06.11"]
[Round "7.2"]
[White "Navrotescu, Andreea"]
[Black "Maisuradze, Nino"]
[Result "1-0"]
[WhiteElo "2310"]
[BlackElo "2560"]
[PlyCount "59"]
[EventDate "2017.??.??"]

1. c4 c5 2. Nc3 Nc6 3. g3 g6 4. Bg2 Bg7 5. e4 d6 6. Nge2 h5 7. h4 Bg4 8. f3 Bd7
9. d3 a6 10. Rb1 Rb8 11. a4 Nd4 12. Be3 Nxe2 13. Qxe2 Bxc3+ 14. bxc3 Bxa4 15.
O-O Bd7 16. d4 Qc7 17. e5 dxe5 18. dxe5 e6 19. Qf2 b6 20. Rfd1 Ne7 21. Bg5 b5
22. Bf6 Rg8 23. Rd6 Nf5 24. Rxa6 b4 25. cxb4 cxb4 26. Ra7 Qxc4 27. Rd1 Bc6 28.
Qb6 Kf8 29. Qxb8+ Be8 30. Qxe8+ 1-0

[Event "ChFRA Feminin Rapide"]
[Site "Villandry"]
[Date "2017.06.11"]
[Round "7.3"]
[White "Benmesbah, Natacha"]
[Black "Ludwiczak, Virginie"]
[Result "1-0"]
[WhiteElo "2390"]
[BlackElo "2140"]
[PlyCount "95"]
[EventDate "2017.??.??"]

1. e4 c5 2. Nf3 Nc6 3. Bb5 g6 4. O-O Bg7 5. Re1 d6 6. c3 Qb6 7. Na3 Bd7 8. Bf1
e5 9. Nb5 Nd8 10. a4 a6 11. Na3 Be6 12. Nc4 Qc7 13. a5 Nc6 14. Nb6 Rd8 15. Nd5
Bxd5 16. exd5 Nce7 17. Qa4+ Qd7 18. Qc4 Rc8 19. Qh4 Nf5 20. Qh3 Nge7 21. Bc4 h5
22. d3 Rc7 23. Ng5 Nh6 24. Qf3 Qf5 25. Qxf5 gxf5 26. f4 Kd7 27. Bb3 Rcc8 28.
Ba4+ Kc7 29. fxe5 Bxe5 30. Nf3 Bf6 31. c4 Ng4 32. Bg5 Ng6 33. Bxf6 Nxf6 34. h3
Nd7 35. d4 Rce8 36. dxc5 Rxe1+ 37. Rxe1 Nxc5 38. Bc2 Nd7 39. Bxf5 Nge5 40. Bxd7
Nxf3+ 41. gxf3 Kxd7 42. Kf2 Rc8 43. Re4 b5 44. axb6 Rb8 45. b4 Rxb6 46. c5 dxc5
47. bxc5 Rb5 48. Rc4 1-0

[Event "ChFRA Feminin Rapide"]
[Site "Villandry"]
[Date "2017.06.11"]
[Round "7.4"]
[White "Roumegous, Marina"]
[Black "Seite, Yamina"]
[Result "0-1"]
[WhiteElo "2260"]
[BlackElo "1850"]
[PlyCount "50"]
[EventDate "2017.??.??"]

1. d4 d5 2. c4 e6 3. Nf3 Nf6 4. e3 Be7 5. Nbd2 O-O 6. Bd3 dxc4 7. Nxc4 b5 8.
Nce5 a6 9. a4 b4 10. a5 Bb7 11. Qc2 Qc8 12. O-O c5 13. Qa4 Nc6 14. Nc4 Qc7 15.
Qc2 Rad8 16. dxc5 Bxc5 17. b3 Rfe8 18. Bb2 e5 19. Ng5 h6 20. Ne4 Nxe4 21. Bxe4
Ba7 22. Nxe5 Rxe5 23. Bxc6 Rc5 24. Qe2 Qxc6 25. f3 Re5 0-1

[Event "ChFRA Feminin Rapide"]
[Site "Villandry"]
[Date "2017.06.11"]
[Round "8.1"]
[White "Soubirou, Oriane"]
[Black "Leconte, Maria"]
[Result "1-0"]
[WhiteElo "2210"]
[BlackElo "2390"]
[PlyCount "47"]
[EventDate "2017.??.??"]

1. e4 c5 2. Nf3 a6 3. d4 cxd4 4. c3 d3 5. Bxd3 d6 6. c4 Nc6 7. h3 g6 8. Nc3 Bg7
9. O-O Nf6 10. Be3 O-O 11. Rc1 Bd7 12. b3 Qa5 13. Qe2 Nb4 14. Bb1 b5 15. c5
Rac8 16. Rfd1 Ne8 17. e5 Nc6 18. cxd6 exd6 19. Nd5 Rb8 20. Rxc6 Kh8 21. Rcc1
dxe5 22. Bc5 Rg8 23. Ne7 Bc6 24. Nxc6 1-0